Countries Closest to Kansas - Statistics

General Stats
  • This quiz has been taken 124 times
    106 since last reset
  • The average score is 15 of 20
Answer Stats
km Answer mi % Correct
1006 Canada 629
99%
786 Mexico 491
99%
1880 Cuba 1175
93%
3341 Panama 2088
92%
2131 Belize 1332
90%
2421 Honduras 1513
89%
2603 Jamaica 1627
88%
2634 Nicaragua 1646
87%
2166 Guatemala 1354
86%
1886 Bahamas 1179
84%
2992 Costa Rica 1870
84%
2456 El Salvador 1535
81%
2802 Haiti 1751
81%
2923 Dominican Republic 1827
80%
3624 Venezuela 2265
76%
3549 Colombia 2218
70%
3646 Aruba 2279
32%
3939 Curacao 2462
29%
3835 Greenland 2397
26%
3715 Sint Maarten 2322
18%
No matching quizzes found
Score Distribution
Percent of People with Each Score
Percentile by Number Answered
Your Score History
You have not taken this quiz since the last reset